000 00676 a2200229 4500
999 _c9492
_d9492
020 _a0702116548 (v. 2)
020 _a0702116556 (pbk. : v. 2)
020 _a0702119962 (v. 1)
020 _a0702119970 (pbk. : v. 1)
050 0 0 _aKF801 KAH 1988
100 1 _aKahn, Ellison.
_eauthor
245 1 0 _aContract and mercantile law :
_ba source book /
_cby Ellison Kahn.
250 _a2nd ed.
264 _aCape Town
_bJuta
_c1988
300 _a2 v. ;926 pages
500 _aCataloged from vol. 2, published in 1985.
500 _aIncludes index.
650 0 _aContracts
650 0 _aCommercial law
942 _2lcc
_cBK
_e2nd ed.
_h858
_iKAH
_kKTL